Lege das Alphabet zurück in die deutschen Großstädte - Statistiken

Allgemein
  • Dieses Quiz wurde 353 mal gespielt
  • Das Durchschnittsergebnis liegt bei 21 aus 23
Antwortstatistiken
Hint Antwort % Korrekt
Darmstat D
97%
Esen S
96%
Hnnover A
95%
Düsseldor F
95%
Oldenbur G
95%
Kblenz O
95%
Lüeck B
94%
Hemnitz C
94%
Ludwigshafn E
94%
Erfut R
94%
Manneim H
93%
Manz I
93%
Osabrück N
93%
Suttgart T
93%
Bremerhaen V
93%
Salgitter Z
93%
Assel K
92%
Hale L
92%
Ul M
92%
Aderborn P
92%
Iesbaden W
92%
Ena J
88%
Ness U
87%
Keine übereinstimmenden Quizze gefunden
Verteilung der Resultate
Anzahl Personen mit jedem Resultat
Perzentil nach korrekt beantworteten Fragen
Ihre Resultats-Entwicklung
Sie haben dieses Quiz noch nicht gespielt